L'UTT de A à Z - Statistiques

Statistiques générales
  • Ce quiz a été pris 78 fois
  • Le résultat moyen est 20 sur 26
Statistiques - réponses
Lettre Hint Réponse % Correct
I Évènement sympa du début de l'année Intégration
100%
F Endroit avec des canapés, du café et des permanenciers parfois cringes, parfois cools Foyer
96%
G Le bouquin où si tu l'as pas à l'inté on t'écrit sur le bras GUBU
96%
Y A leur soirée d'inté il y a + d'étudiants de l'UTT que de leur école YSchools
94%
N On les oblige à faire des danses et à porter des t-shirt blancs Nouveaux
92%
W De la chouffe et des tentes une place WEI
92%
C Endroit où si t'arrives à 12h30 il n'y a plus rien à graille Cafétéria
90%
M Meilleure branche MTE
90%
T Certaines personnes ont tellement pas envie de le quitter qu'ils en font un 5e semestre Tronc Commun
88%
A Inchallah un jour ils dureront jusqu'à minuit Afterwork
86%
B Endroit miteux où s'organisent des soirées techno Barge
86%
U Si tu trouves pas celle là tu fais vraiment pas d'effort UTT
86%
E Professeur légendaire de droit (prénom) Emmanuel Carquin
84%
X Bâtiment du L2n X
84%
J Cocktail à base de limonade, grenadine et une bonne quantité de vin blanc Jacqueline
82%
L Un endroit un peu sympa vers Troyes en été Lac d'Orient
82%
O Animal marin qui ressemble à un phoque Otarie
82%
P Ils sont plus nus qu'habillés PMOM
82%
D Bières et poutines Dropkick
80%
Z Site internet sur lequel tu te fais spammer par Jacquemin Zimbra
80%
V "Ça fera 4€ !" Viet'
66%
S Tu les adores en fin de soirée SecUTT
58%
H Ton pire cauchemar pendant les finaux mais ton bonheur pendant la SDF Halle Sportive
46%
Q DJ d'un ancien temps (diplômé depuis) mais qui ambiançait tes soirées Quentin LTL
46%
R Endroit où tu peux te faire Marcelliniser Rue
40%
K Endroit où t'as VRAIMENT pas envie de te retrouver K200 (Bureau de Collet)
24%
Aucun quiz correspondant
Distribution des résultats
% des personnes avec chaque résultat
Percentile par nombre de réponses
Votre historique - résultats
Vous n’avez pas pris ce quiz